Statistics for Ms. Langtree's Lament - Over the Garden Wall (All Lyrics)

Click here to take the quiz!

General Stats

  • This quiz has been taken 36 times
  • The average score is 198 of 270

Answer Stats

Answer% Correct
A
100%
a
100%
B
100%
D
100%
F
100%
G
100%
H
100%
I
100%
O
100%
R
100%
W
100%
C
96%
he
96%
M
96%
me?
96%
me
96%
the
96%
Y
96%
apple
92%
for
92%
gave
92%
is
92%
Is
92%
that
92%
to
92%
U
92%
who
92%
in
88%
J
88%
K
88%
But
85%
but
85%
P
85%
X
85%
found
81%
inside
81%
men
81%
my
81%
Why
81%
why
81%
worm
81%
of
77%
an
73%
and
73%
And
73%
hi
73%
man
73%
when
73%
heart
69%
Oh
69%
Ohh
69%
said
69%
that's
69%
That's
69%
then
69%
what
69%
you
69%
You
69%
1
65%
2
65%
3
65%
could
65%
did
65%
four
65%
gentlemen
65%
him
65%
it
65%
Jimmy
65%
left
65%
not
65%
on
65%
one
65%
two
65%
was
65%
are
62%
be
62%
been
62%
first
62%
fool
62%
How
62%
it's
62%
It's
62%
I've
62%
kiss
62%
leave
62%
like
62%
loved
62%
mind
62%
number
62%
ol'
62%
see
62%
side
62%
such
62%
thought
62%
times
62%
8
58%
beloved
58%
called
58%
days
58%
Emotional
58%
just
58%
know
58%
Langtree
58%
our
58%
poor
58%
question
58%
Yes
58%
yes
58%
you've
58%
before
54%
cry
54%
feels
54%
gone
54%
got
54%
I'll
54%
leaving
54%
Leaving
54%
letter
54%
line
54%
made
54%
okay
54%
Say
54%
say
54%
understand
54%
woman's
54%
alone
50%
at
50%
away
50%
down
50%
fine
50%
from
50%
have
50%
life
50%
misery
50%
nine
50%
one
50%
right
50%
run
50%
start?
50%
think
50%
value
50%
Well
50%
with
50%
back
46%
come
46%
goes
46%
hour
46%
joker
46%
Never
46%
reaching
46%
sun
46%
wish
46%
without
46%
you'll
46%
again
42%
around
42%
had
42%
remember
42%
return
42%
Tease
42%
lives
38%
Queuing
38%
tempted
38%
Zenith
38%

Score Distribution

Percentile by Number Answered

Percent of People with Each Score

Your Score History

You have not taken this quiz